01133nam a2200193Ia 4500001001100000003001000011008004100021040002500062041001300087100002500100245007600125250001100201260006600212300001200278500026000290501011400550520026000664650001500924L513-25862IT-CnALBA170116s9999||||xx |||||||||||||| ||und|| aIT-CnALBAcIT-CnALBA aITALIANO aVITTONE LUIGI, DOTT. 0aELEMENTI DI ARTMETICA. PER LE SCUOLE GINNASIALI, TECNICHE, MAGISTRALI.  a3a ed. aTORINObPARAVIA G.B. & C. STAMP. REALE c1864 [1° Ed.: n.d.] a287 p.  aNUMERAZIONE PARLATA E SCRITTA. CIFRE ROMANE. FRAZIONI DECIMALI. SISTEMA METRICO DECIMALE. MISURE LINEARI, SUPERFICIALI, VOLUMETRICHE. MISURE MONETARIE OPERAZIONI FONDAMENTALI. SEGNI ALGEBRICI. FRAZIONI ORDINARIE. ANTICHE MISURE D'ITALIA: PIEMONTESI... RAP aSocietà San Paolo EM - Piazza San Paolo, 14 - 12051 ALBA (CN) (non commercial uses only) ® Copyright 2017 aNUMERAZIONE PARLATA E SCRITTA. CIFRE ROMANE. FRAZIONI DECIMALI. SISTEMA METRICO DECIMALE. MISURE LINEARI, SUPERFICIALI, VOLUMETRICHE. MISURE MONETARIE OPERAZIONI FONDAMENTALI. SEGNI ALGEBRICI. FRAZIONI ORDINARIE. ANTICHE MISURE D'ITALIA: PIEMONTESI... RAP aARITMETICA